| 000 | 00579nam a22001697a 4500 | ||
|---|---|---|---|
| 082 | _a620.11 | ||
| 100 | _aHafeez, Sarah | ||
| 245 |
_aCO2 Capture from Natural and Flue Gases using Polymeric Membranes / _cSarah Hafeez |
||
| 260 |
_aIslamabad: _bSCME - NUST, _c2015. |
||
| 300 |
_a168 p.: ill.; _c30cm. |
||
| 650 |
_aPhD-Materials Engineering _9123162 |
||
| 700 |
_aSupervisor:Dr. Arshad Hussain _9120181 |
||
| 856 | _uhttp://10.250.8.41:8080/xmlui/handle/123456789/22229 | ||
| 942 |
_2ddc _cTHE |
||
| 999 |
_c528017 _d528017 |
||